| 000 | 00575nam a22002177a 4500 | ||
|---|---|---|---|
| 003 | OSt | ||
| 005 | 20140310183129.0 | ||
| 008 | 130531t xxu||||| |||| 00| 0 eng d | ||
| 020 | _a9789710172290 | ||
| 050 |
_aQD 415 _b.N964 2010 |
||
| 082 |
_aFIL 574.19 _bN964 2010 |
||
| 245 |
_aSimplified biochemistry _cNucum, Zenaida T. |
||
| 260 |
_aQuezon City _bC & E Publishing, Inc. _cc2010 |
||
| 300 |
_aix, 251 p. _bill. _c26 cm. |
||
| 521 | _aCollege students | ||
| 526 | _c1210L-1700L | ||
| 541 | _j1 | ||
| 541 | _j2 | ||
| 562 | _e2 | ||
| 942 |
_2lcc _cBK _kFIL |
||
| 999 |
_c19107 _d19107 |
||